[Event "RUS-ch Boys U21 2021"]
[Site "Loo"]
[Date "2021.04.28"]
[Round "8.11"]
[White "Akhtariev, Andrey"]
[Black "Kyshtymov, Daniil"]
[Result "1/2-1/2"]
[WhiteElo "2190"]
[BlackElo "2137"]
[Annotator "TA"]
[PlyCount "155"]
[EventDate "2021.04.21"]
[EventType "swiss"]
[EventCountry "RUS"]
[SourceTitle "playchess.com"]
[Source "ChessBase"]
[SourceQuality "1"]

{[%evp 17,155,0,0,-18,-3,-2,0,-9,20,12,68,0,38,-11,0,0,0,-10,-7,-45,0,-23,-19,-129,-135,-134,-101,-97,-57,-64,-64,-75,-76,-69,-68,-322,-99,-103,-96,-83,-33,-33,-33,-33,-34,-42,-16,-10,-13,-29,-31,-33,-35,-33,-20,-30,-23,-52,-50,-64,-21,-108,-108,-114,-114,-116,-68,-64,-43,-73,-62,-67,-23,-29,-29,-34,-34,-43,-43,-59,-59,-59,-47,-59,-59,-56,-58,-59,-34,-34,-34,-34,-34,-34,-34,-37,-35,-35,-34,-34,-34,-34,-34,-44,-34,-40,-40,-58,-64,-57,-57,-55,0,-68,-37,-102,-102,-102,-20,-20,-20,-20,-20,-20,0,0,0,0,0,0,0,0,0,0,0,0,0,0,0,0]} 1. c4 Nf6 2. Nc3 g6 3. e4 d6 4. g3 Bg7 5. Bg2 O-O 6. Nge2 e5 7. O-O Nc6 8. f4 exf4 9. gxf4 Nh5 10. d3 {A24: English Opening vs King's Indian: Lines without ...Nc6.} f5 11. Be3 Be6 12. Nd5 fxe4 ({Much worse is} 12... Bxb2 13. Rb1 $14) 13. dxe4 {[#]} Na5 $146 (13... Qd7 $11) ({Predecessor:} 13... Qd7 14. Qd2 Nf6 15. Kh1 Rae8 16. Ng3 Ng4 17. Bg1 Rf7 18. f5 Bxd5 19. cxd5 Nce5 {1-0 (26) Jobst,T (1932)-Askri,S (1756) Bad Koetzting 2018}) 14. Nd4 (14. f5 $1 $14 Bf7 15. b3) 14... Bf7 15. b3 Nc6 16. Nc3 Qh4 17. Nce2 Rae8 18. Qd3 (18. Qe1 $5 {[%cal Re1h4]} Qe7 19. Rd1 $11) 18... Bh6 19. Nf3 Qe7 20. Nd2 (20. Qd2 $11) 20... Be6 $17 21. Rf2 Nb4 22. Qc3 c5 23. a3 {[#]} Bg7 $1 24. e5 Nc6 {[%cal Rd6e5]} 25. Ne4 Bf5 {[%cal Rc6e5]} 26. b4 $2 {[%mdl 8192] [#]} (26. Raf1 $1 $15) 26... cxb4 $2 ({Not} 26... dxe5 27. Bxc5 Qh4 28. Bxf8 $15) (26... Nxe5 $1 $19 {has better winning chances.} 27. fxe5 Bxe5) 27. axb4 dxe5 28. Bc5 exf4 29. Bxe7 Bxc3 30. N4xc3 Rxe7 31. Nd5 Ref7 {Threatens to win with ...Bd3.} 32. Nexf4 Nxf4 33. Rxf4 a6 34. b5 axb5 35. cxb5 Ne5 (35... Nd8 {is interesting.} 36. Ne3 Ne6 37. Rff1 Rd7 38. Nxf5 gxf5 39. Rfd1 Rg7) 36. b6 Bd7 37. Rxf7 Rxf7 38. Nb4 Rf6 39. Ra8+ (39. Nd5 $11 Rf7 40. Nb4 Nf3+ 41. Kh1) 39... Kg7 40. Rb8 Rxb6 41. Rxb7 Rd6 42. Nd5 Nf7 43. Rb6 Bc6 44. Ne3 Rd3 45. Rxc6 Rxe3 $11 {[%mdl 4096] Endgame KRB-KRN} 46. Bd5 {Strongly threatening Rc7.} Ng5 47. Rc7+ Kf6 48. Bb7 h5 49. Kf2 Rd3 (49... Ra3 {keeps more tension.} 50. Rc6+ Kg7 51. Rc7+ Kh6 52. Bg2 Ra2+) 50. Rc6+ Kg7 51. Rc4 Rd2+ 52. Kg3 Kh6 53. Be4 Re2 54. Bc2 Re3+ 55. Kf2 Re6 56. Rc7 Nh3+ 57. Kf3 Rf6+ 58. Kg3 Nf4 59. Rc4 Ne2+ 60. Kg2 Kg5 61. Re4 Nf4+ 62. Kg3 {Hoping for h4+.} h4+ 63. Kf3 Nd5+ 64. Kg2 {Black should prevent Re5+.} Nf4+ (64... Rf5 {with more complications.} 65. Bb1 Nf4+ 66. Kf3 Rb5 67. Bc2 Rc5) 65. Kf3 Nd3+ 66. Ke3 (66. Ke2 $1 $15 Nf4+ 67. Kf3) 66... Nf2 $17 67. Re5+ {[#]} Kg4 (67... Kh6 $1 $17 {...Ng4+ is the strong threat.} 68. Kd2 Ng4) 68. Bxg6 $11 {The position is equal.} Nd1+ 69. Kd2 $1 Rd6+ 70. Ke1 Nc3 71. Bh5+ Kf4 72. Re7 Rb6 73. Kf1 Rb2 74. Be2 h3 75. Rf7+ Kg5 76. Re7 Kf4 77. Rf7+ Kg5 78. Re7 {Weighted Error Value: White=0.26/Black=0.17} 1/2-1/2

[Event "RUS-ch Boys U21 2021"]
[Site "Loo"]
[Date "2021.04.28"]
[Round "8.12"]
[White "Shpakov, Vladimir"]
[Black "Koliev, Irlan"]
[Result "0-1"]
[WhiteElo "1871"]
[BlackElo "2023"]
[Annotator "TA"]
[PlyCount "96"]
[EventDate "2021.04.21"]
[EventType "swiss"]
[EventCountry "RUS"]
[SourceTitle "playchess.com"]
[Source "ChessBase"]
[SourceQuality "1"]

{[%evp 17,96,42,44,21,53,53,60,66,87,80,91,79,73,75,79,58,52,0,0,-30,-35,-226,-225,-504,-467,-404,0,0,24,30,30,0,0,-66,-27,-27,-25,-294,-297,-29988,-216,-217,-209,-207,-216,-475,-475,-469,-449,-447,-232,-277,-204,-198,0,-269,-202,-275,-264,-212,-195,-205,-203,-187,-115,-181,-128,-380,-377,-350,-351,-331,-331,-694,-598,-2256,-2224,-29980,-29981,-29982,-29983]} 1. d4 Nf6 2. c4 g6 3. Nc3 Bg7 4. e4 d6 5. Bd3 O-O 6. Nge2 e5 7. d5 a5 8. O-O Na6 9. a3 Bd7 10. f3 {E70: King's Indian: Miscellaneous lines with 4 e4, including 5 Nge2 and 5 Bd3 0-0 6 Nge2.} Nc5 11. Bc2 Nh5 12. Be3 {White is slightly better.} f5 {[#]} 13. b4 $146 ({Predecessor:} 13. exf5 gxf5 14. Ng3 Nxg3 15. hxg3 a4 16. Qd2 Bf6 17. Kf2 Rf7 18. Rh1 Kf8 19. Rh5 {0-1 (30) Al Busaidi,H (1410)-Iskakbaev,I (1657) Antalya 2019}) 13... axb4 14. axb4 {Strongly threatening Rxa8.} Rxa1 15. Qxa1 Na6 16. b5 Nc5 17. b6 (17. Bxc5 $14 dxc5 18. Qa7) 17... cxb6 $11 18. Rb1 Nf4 {White must now prevent ...fxe4.} 19. Qa7 $2 (19. exf5 $15 gxf5 20. Ng3 (20. Nxf4 $2 exf4 21. Bf2 Qf6 $19)) 19... fxe4 $1 $19 20. Nxf4 $2 (20. Qxb6 Qxb6 21. Rxb6) 20... exf4 21. Bxc5 Bxc3 $2 ({Weaker is} 21... dxc5 22. Nxe4 Bd4+ 23. Kh1 $11) ({Black should try} 21... exf3 $1 $19 22. Ne4 (22. Rxb6 Qg5 23. g3 fxg3 24. Qa1 gxh2+ 25. Kf2 Qd2+ {[%mdl 64] Double Attack} 26. Ne2 Qxe2+ {[%mdl 64] Double Attack} 27. Kg3 Qg2+ 28. Kh4 Qg4#) 22... bxc5 23. gxf3 Bd4+ 24. Kh1 Bc8) 22. Bxb6 $11 Qg5 (22... Qc8 {looks sharper.} 23. Bxe4 Qxc4 24. Qxb7 Qc8 25. Bf2 Qxb7 26. Rxb7 Ra8) 23. Bxe4 Bf5 24. Rc1 (24. Qxb7 {is a self mate.} Bh3 25. Qxh7+ Kxh7 26. g4 fxg3 27. Rd1 gxh2+ 28. Kf2 h1=Q 29. Bxg6+ Kxg6 30. Rxh1 Qg2+ 31. Ke3 Qxf3#) (24. Bxf5 {keeps more tension.} Qxf5 25. Qa2 Qd3 26. h3 Rc8 27. c5) 24... Bd2 {( -> ...Bh3)} 25. Rc2 (25. h4 $1 $11 Qxh4 26. Bxf5 gxf5 27. Rb1) 25... Be3+ 26. Bxe3 Bxe4 $40 {[%mdl 128] Black attacks.} 27. fxe4 $2 {[%mdl 8192]} (27. h4 $1 $11 Qh5 28. Rb2 fxe3 29. Qxe3) 27... fxe3 {[%mdl 4096] Endgame KQR-KQR} 28. Re2 $2 (28. Qa5 $19) 28... Qf4 $2 (28... Qf6 {mates} 29. h3 Qf1+ {[%mdl 64] Double Attack} 30. Kh2 Qxe2 31. Qxb7 Qf1 32. Qb4 Qf4+ 33. Kg1 e2 34. c5 Qg3 35. Qb1 e1=Q+ 36. Qxe1 Qxe1+ 37. Kh2 Rf1 38. cxd6 Rh1#) 29. Qa1 $19 Qxe4 30. Qc1 Re8 $1 31. h3 $2 (31. Qc3) 31... Qd3 32. Kf1 Qd4 33. Kg1 Re4 (33... Qc5 $142 34. Qe1 Qxc4 35. Rxe3 Qd4) 34. Kh2 Qe5+ 35. Kg1 Qd4 (35... Kf7 $142 36. c5 Qxd5 37. cxd6 Qxd6 38. Rxe3 Qb6) 36. Kh2 $1 g5 37. Qa3 Qxc4 38. Qa8+ {[#]} Kf7 $1 39. Qh8 Qxd5 ({Stronger than} 39... Qxe2 40. Qxh7+ Ke8 41. Qxe4+ Kd7 42. Qe6+ Kc7 43. Qe7+ Kc8 44. Qe6+ Kc7 45. Qe7+ Kc8 46. Qe6+ Kc7 $11) 40. Qxh7+ {[#]} Ke8 (40... Kf6 $1 $19 41. g3 Qc4 42. Qh6+ Kf7 43. Qh5+ Kf6 44. Qh6+ Kf7 45. Qh5+ Kf6 46. Qh6+) 41. Rc2 (41. g3 $17) 41... Re7 (41... Rc4 $19 {aiming for ...Rxc2.} 42. Re2 Qe5+ 43. g3 Qe4 44. Qh8+ Kd7 45. Qg7+ Kc6) 42. Qh8+ $2 {[%mdl 8192]} (42. Rc8+ $17 Kd7 43. Rc7+ {[%mdl 64] Decoy} Kxc7 44. Qxe7+ Kb8 45. Qxe3) 42... Kf7 43. Qh7+ Kf6 44. Qh6+ Kf5 {Threatens to win with ...Qe5+.} 45. Qf8+ $2 (45. h4 Qe5+ 46. Kg1 gxh4 47. Qh5+ Ke6 48. Qg4+ Qf5 49. Qg8+ Ke5 50. Qh8+ Qf6 51. Qh5+ Ke6 52. Qg4+ Kf7 53. Re2) 45... Qf7 46. Qh6 Qf6 47. Qh5 Qe5+ 48. g3 e2 {Weighted Error Value: White=1.08/Black=0.46} 0-1

[Event "RUS-ch Boys U21 2021"]
[Site "Loo"]
[Date "2021.04.29"]
[Round "9.1"]
[White "Dudin, Gleb"]
[Black "Shubin, Kirill"]
[Result "0-1"]
[WhiteElo "2418"]
[BlackElo "2466"]
[Annotator "TA"]
[PlyCount "104"]
[EventDate "2021.04.21"]
[EventType "swiss"]
[EventCountry "RUS"]
[SourceTitle "playchess.com"]
[Source "ChessBase"]
[SourceQuality "1"]

{[%evp 19,104,13,18,13,20,10,21,9,38,0,37,19,64,77,68,66,67,41,58,31,82,45,69,16,60,51,45,27,73,33,31,26,23,20,18,22,32,22,63,15,16,0,70,-43,4,7,6,0,0,0,0,4,48,0,39,0,7,0,59,0,30,8,43,14,0,-93,-91,-99,-91,-79,-91,-108,-107,-216,-216,-222,-222,-222,-222,-230,-224,-417,-411,-603,-592,-966,-966]} 1. d4 e6 2. c4 Nf6 3. Nf3 d5 4. Nc3 c6 5. e3 Nbd7 6. Qc2 Bd6 7. Bd3 O-O 8. O-O dxc4 9. Bxc4 a6 10. Rd1 b5 11. Bf1 {D46: Semi-Slav: 5 e3 Nbd7 6 Bd3, Black avoids the Meran.} Qc7 12. e4 e5 $1 13. g3 {The position is equal.} Bb7 14. Bg2 Rfe8 15. Bg5 exd4 16. Nxd4 Be5 17. Nf5 h6 18. Bd2 {[#]} Rad8 $146 ({Predecessor:} 18... Nc5 19. Be3 Ne6 20. f4 Bxc3 21. Qxc3 h5 22. Nd6 Red8 23. e5 Ng4 24. f5 Nf8 {1-0 (34) Sasikiran,K (2681)-Amanov,M (2493) Khanty-Mansiysk 2010}) 19. Rac1 {And now f4 would win.} Ba8 (19... c5 $14) 20. h3 c5 21. a4 (21. b3 $14) 21... Qb8 22. axb5 axb5 23. Nd5 b4 24. Be3 Nxd5 25. exd5 Qb6 26. f4 Bf6 27. Bf2 Bb7 28. g4 Ba6 {aiming for ...b3.} 29. Bf3 Qb8 30. Qd2 c4 ({Black should try} 30... Nb6 $11) 31. Nd4 (31. d6 $14) 31... Bxd4 32. Qxd4 Qd6 33. Bg2 Rc8 34. Re1 $1 Rxe1+ 35. Bxe1 Re8 36. Bf2 Nf6 37. Bf3 Nd7 38. Ra1 Bb5 (38... Rc8 $11) 39. Ra5 (39. Kg2 $14) 39... Rb8 40. Be2 {next b3 is good for White.} Qc7 41. Ra7 (41. Qa7 $5 {[%cal Ra7c7]} Qc8 42. Kh2 $14) 41... Qc8 {Hoping for ...c3.} 42. Ra1 (42. d6 $11) 42... c3 $17 43. Bxb5 cxb2 $1 44. Qxb2 Rxb5 45. Qb3 Qb8 $1 46. Be3 {[#]} (46. g5 $17) 46... Nf6 $1 $19 47. d6 Qxd6 48. Ra8+ {[#]} Rb8 $1 {[%cal Rb8a8]} 49. Rxb8+ Qxb8 50. Bc5 $2 (50. Kf2) 50... Ne4 51. Qxb4 (51. Be3 $142) 51... Qxf4 52. Qa3 Nxc5 {Weighted Error Value: White=0.45/Black=0.14} 0-1

[Event "RUS-ch Boys U21 2021"]
[Site "Loo"]
[Date "2021.04.29"]
[Round "9.2"]
[White "Murzin, Volodar"]
[Black "Pavlov, Danila"]
[Result "1-0"]
[WhiteElo "2478"]
[BlackElo "2360"]
[Annotator "ChessBase"]
[PlyCount "81"]
[EventDate "2021.04.21"]
[EventType "swiss"]
[EventCountry "RUS"]
[SourceTitle "playchess.com"]
[Source "ChessBase"]
[SourceQuality "1"]
[TimeControl "40/5400+30:1800+30"]

1. e4 {[%emt 0:00:49]} e6 {[%emt 0:00:00]} 2. d4 {[%emt 0:00:13]} d5 {[%emt 0:00:00]} 3. Nc3 {[%emt 0:00:05]} Nf6 {[%emt 0:00:00]} 4. e5 {[%emt 0:00:04]} Nfd7 {[%emt 0:00:00]} 5. f4 {[%emt 0:00:13]} c5 {[%emt 0:00:00]} 6. Nf3 {[%emt 0:00:02]} Nc6 {[%emt 0:00:00]} 7. Be3 {[%emt 0:00:11]} cxd4 {[%emt 0:00:00]} 8. Nxd4 {[%emt 0:00:07]} Bc5 {[%emt 0:00:02]} 9. Qd2 {[%emt 0:01:16]} O-O {[%emt 0:00:05]} 10. O-O-O {[%emt 0:00:09]} a6 {[%emt 0:00:08]} 11. Qf2 {[%emt 0:00:37]} Nxd4 {[%emt 0:00:07]} 12. Bxd4 {[%emt 0:00:04]} Qe7 {[%emt 0:00:05]} 13. Bd3 {[%emt 0:01:14]} b5 {[%emt 0:00:48]} 14. Ne2 {[%emt 0:01:04]} Bb7 {[%emt 0:05:27]} 15. Rhe1 {[%emt 0:07:06]} Rac8 {[%emt 0:03:58]} 16. Kb1 {[%emt 0:06:07]} b4 {[%emt 0:05:58]} 17. Qg3 {[%emt 0:10:37]} f5 {[%emt 0:20:55]} 18. exf6 {[%emt 0:18:52]} Nxf6 {[%emt 0:00:00]} 19. f5 {[%emt 0:00:22]} exf5 {[%emt 0:30:07]} 20. Bxf5 {[%emt 0:02:36]} Ne4 {[%emt 0:01:14]} 21. Qh3 {[%emt 0:06:01]} Ng5 {[%emt 0:00:15]} 22. Qg4 {[%emt 0:01:39]} h5 {[%emt 0:06:36]} 23. Bxc5 {[%emt 0:03:05]} Rxc5 {[%emt 0:00:47]} 24. Qxb4 {[%emt 0:00:16]} Rc7 {[%emt 0:04:01]} 25. Qxe7 {[%emt 0:07:02]} Rxe7 {[%emt 0:00:01]} 26. Nd4 {[%emt 0:00:09]} Ne4 {[%emt 0:00:27]} 27. Kc1 {[%emt 0:03:27]} Re5 {[%emt 0:01:51]} 28. Rf1 {[%emt 0:00:47]} Rfe8 {[%emt 0:01:58]} 29. Rde1 {[%emt 0:02:04]} a5 {[%emt 0:01:53]} 30. Rf3 {[%emt 0:01:03]} R8e7 {[%emt 0:00:58]} 31. Ree3 {[%emt 0:10:22]} h4 {[%emt 0:02:39]} 32. g3 {[%emt 0:03:35]} g5 {[%emt 0:05:21]} 33. gxh4 {[%emt 0:03:23]} gxh4 {[%emt 0:00:02]} 34. Rf4 {[%emt 0:00:20]} Rg7 {[%emt 0:01:53]} 35. Re1 {[%emt 0:01:07]} Rg2 {[%emt 0:04:07]} 36. Be6+ {[%emt 0:02:32]} Kh7 {[%emt 0:00:07]} 37. Rxh4+ {[%emt 0:00:55]} Kg6 {[%emt 0:00:05]} 38. Rh8 {[%emt 0:04:31]} Rf2 {[%emt 0:02:21]} 39. Rb8 {[%emt 0:01:17]} Ba6 {[%emt 0:01:07]} 40. Rb6 {[%emt 0:00:00]} Nd6 {[%emt 0:00:00]} 41. Rg1+ {[%emt 0:00:34]} 1-0

[Event "RUS-ch Boys U21 2021"]
[Site "Loo"]
[Date "2021.04.29"]
[Round "9.3"]
[White "Golikov, Daniil"]
[Black "Lobanov, Sergei"]
[Result "0-1"]
[WhiteElo "2250"]
[BlackElo "2520"]
[Annotator "ChessBase"]
[PlyCount "62"]
[EventDate "2021.04.21"]
[EventType "swiss"]
[EventCountry "RUS"]
[SourceTitle "playchess.com"]
[Source "ChessBase"]
[SourceQuality "1"]
[TimeControl "40/5400+30:1800+30"]

1. d4 {[%emt 0:00:00]} d5 {[%emt 0:00:00]} 2. c4 {[%emt 0:00:00]} dxc4 {[%emt 0:00:00]} 3. Nf3 {[%emt 0:00:00]} a6 {[%emt 0:00:19]} 4. e3 {[%emt 0:02:54]} Bg4 {[%emt 0:00:07]} 5. Bxc4 {[%emt 0:07:18]} e6 {[%emt 0:00:05]} 6. Nbd2 {[%emt 0:01:03]} Nf6 {[%emt 0:05:38]} 7. O-O {[%emt 0:02:14]} Nc6 {[%emt 0:05:04]} 8. b3 {[%emt 0:04:07]} Bd6 {[%emt 0:15:12]} 9. Bb2 {[%emt 0:00:34]} O-O {[%emt 0:00:05]} 10. a3 {[%emt 0:12:51]} Nd5 {[%emt 0:00:43]} 11. Qc2 {[%emt 0:01:45]} f5 {[%emt 0:02:36]} 12. Ne5 {[%emt 0:08:12]} Nxe5 {[%emt 0:07:18]} 13. dxe5 {[%emt 0:01:38]} Bc5 {[%emt 0:07:07]} 14. Rfe1 {[%emt 0:19:55]} Ba7 {[%emt 0:30:12]} 15. Nf1 {[%emt 0:01:32]} Qe7 {[%emt 0:04:44]} 16. b4 {[%emt 0:03:05]} Rad8 {[%emt 0:00:29]} 17. Kh1 {[%emt 0:03:15]} Rd7 {[%emt 0:08:57]} 18. f3 {[%emt 0:03:22]} Bh5 {[%emt 0:00:08]} 19. Rad1 {[%emt 0:01:20]} Rfd8 {[%emt 0:00:21]} 20. Bb3 {[%emt 0:02:35]} c5 {[%emt 0:01:11]} 21. bxc5 {[%emt 0:01:05]} Bxc5 {[%emt 0:00:16]} 22. Qc1 {[%emt 0:01:28]} b6 {[%emt 0:01:03]} 23. e4 {[%emt 0:03:39]} fxe4 {[%emt 0:00:42]} 24. Rxe4 {[%emt 0:00:02]} Bg6 {[%emt 0:01:28]} 25. Ree1 {[%emt 0:00:26]} Qh4 {[%emt 0:02:51]} 26. Qc4 {[%emt 0:06:05]} Qxc4 {[%emt 0:04:03]} 27. Bxc4 {[%emt 0:00:01]} b5 {[%emt 0:00:00]} 28. Bb3 {[%emt 0:01:12]} Nf4 {[%emt 0:00:38]} 29. Rxd7 {[%emt 0:00:48]} Rxd7 {[%emt 0:00:00]} 30. g3 {[%emt 0:01:46]} Rd3 {[%emt 0:00:21]} 31. Bd1 {[%emt 0:04:54]} Bf2 {[%emt 0:00:20]} 0-1

[Event "RUS-ch Boys U21 2021"]
[Site "Loo"]
[Date "2021.04.29"]
[Round "9.4"]
[White "Nesterov, Arseniy"]
[Black "Tsvetkov, Andrey"]
[Result "1/2-1/2"]
[WhiteElo "2482"]
[BlackElo "2404"]
[Annotator "ChessBase"]
[PlyCount "82"]
[EventDate "2021.04.21"]
[EventType "swiss"]
[EventCountry "RUS"]
[SourceTitle "playchess.com"]
[Source "ChessBase"]
[SourceQuality "1"]
[TimeControl "40/5400+30:1800+30"]

1. d4 {[%emt 0:00:00]} d5 {[%emt 0:00:00]} 2. c4 {[%emt 0:00:00]} e6 {[%emt 0:00:00]} 3. Nf3 {[%emt 0:00:00]} Nf6 {[%emt 0:00:00]} 4. Nc3 {[%emt 0:00:00]} c6 {[%emt 0:00:00]} 5. Bg5 {[%emt 0:00:00]} h6 {[%emt 0:00:08]} 6. Bxf6 {[%emt 0:00:00]} Qxf6 {[%emt 0:00:04]} 7. e3 {[%emt 0:00:00]} Nd7 {[%emt 0:00:17]} 8. Be2 {[%emt 0:00:17]} g6 {[%emt 0:00:11]} 9. O-O {[%emt 0:00:09]} Bg7 {[%emt 0:00:07]} 10. cxd5 {[%emt 0:00:10]} exd5 {[%emt 0:00:13]} 11. b4 {[%emt 0:00:06]} a6 {[%emt 0:01:01]} 12. a4 {[%emt 0:00:09]} O-O {[%emt 0:00:15]} 13. b5 {[%emt 0:00:05]} Qd6 {[%emt 0:09:00]} 14. bxc6 {[%emt 0:07:03]} bxc6 {[%emt 0:01:21]} 15. Rb1 {[%emt 0:09:39]} Re8 {[%emt 0:02:00]} 16. a5 {[%emt 0:04:55]} Ra7 {[%emt 0:05:53]} 17. Qa4 {[%emt 0:10:56]} Rc7 {[%emt 0:08:52]} 18. Rfd1 {[%emt 0:08:10]} Kh7 {[%emt 0:07:32]} 19. Qa2 {[%emt 0:06:00]} Bb7 {[%emt 0:09:20]} 20. Na4 {[%emt 0:02:44]} c5 {[%emt 0:02:57]} 21. dxc5 {[%emt 0:03:04]} Nxc5 {[%emt 0:00:04]} 22. Rb6 {[%emt 0:03:01]} Qf8 {[%emt 0:03:59]} 23. Nxc5 {[%emt 0:07:36]} Qxc5 {[%emt 0:00:02]} 24. Bxa6 {[%emt 0:01:53]} Bxa6 {[%emt 0:01:08]} 25. Rxa6 {[%emt 0:00:02]} d4 {[%emt 0:02:30]} 26. exd4 {[%emt 0:09:51]} Bxd4 {[%emt 0:00:31]} 27. Rb6 {[%emt 0:09:30]} Bg7 {[%emt 0:26:20]} 28. Rbb1 {[%emt 0:01:10]} Ra8 {[%emt 0:00:57]} 29. Rd5 {[%emt 0:00:30]} Qc3 {[%emt 0:02:31]} 30. h4 {[%emt 0:01:11]} Raa7 {[%emt 0:05:46]} 31. Rbd1 {[%emt 0:05:59]} Rc5 {[%emt 0:02:24]} 32. Rxc5 {[%emt 0:00:14]} Qxc5 {[%emt 0:00:04]} 33. Rd5 {[%emt 0:00:35]} Qc1+ {[%emt 0:00:05]} 34. Kh2 {[%emt 0:00:05]} Qf4+ {[%emt 0:00:16]} 35. Kh3 {[%emt 0:00:59]} Rc7 {[%emt 0:00:44]} 36. Qd2 {[%emt 0:01:15]} Qe4 {[%emt 0:00:12]} 37. Rd3 {[%emt 0:07:36]} Ra7 {[%emt 0:02:30]} 38. Ra3 {[%emt 0:01:35]} Bf8 {[%emt 0:00:24]} 39. Ra1 {[%emt 0:02:25]} Bb4 {[%emt 0:00:49]} 40. Qe3 {[%emt 0:00:00]} Qxe3 {[%emt 0:00:00]} 41. fxe3 {[%emt 0:00:33]} Rxa5 {[%emt 0:02:09]} 1/2-1/2

[Event "RUS-ch Boys U21 2021"]
[Site "Loo"]
[Date "2021.04.29"]
[Round "9.5"]
[White "Vetokhin, Savva"]
[Black "Marchuk, Rostislav"]
[Result "1-0"]
[WhiteElo "2261"]
[BlackElo "2080"]
[Annotator "NA"]
[PlyCount "107"]
[EventDate "2021.04.21"]
[EventType "swiss"]
[EventCountry "RUS"]
[SourceTitle "playchess.com"]
[Source "ChessBase"]
[SourceQuality "1"]
[TimeControl "40/5400+30:1800+30"]

1. e4 {[%emt 0:00:00]} d6 {[%emt 0:01:39]} 2. d4 {[%emt 0:00:00]} Nf6 {[%emt 0:00:02]} 3. Nc3 {[%emt 0:00:00]} e5 {[%emt 0:00:01]} 4. Nf3 {[%emt 0:00:04]} Nbd7 {[%emt 0:00:01]} 5. Bc4 {[%emt 0:00:15]} Be7 {[%emt 0:00:01]} 6. O-O {[%emt 0:00:08]} O-O {[%emt 0:00:02]} 7. a4 {[%emt 0:00:07]} c6 {[%emt 0:00:04]} 8. Ba2 {[%emt 0:00:06]} b6 {[%emt 0:01:50]} 9. Qe2 {[%emt 0:00:43]} a6 {[%emt 0:00:09]} 10. Rd1 {[%emt 0:00:16]} Qc7 {[%emt 0:00:03]} 11. Nh4 {[%emt 0:00:22]} exd4 {[%emt 0:03:28]} 12. Rxd4 {[%emt 0:00:17]} Re8 {[%emt 0:03:44]} 13. Bf4 {[%emt 0:04:29]} Ne5 {[%emt 0:03:56]} 14. Nf3 {[%emt 0:12:33]} Bg4 {[%emt 0:07:19]} 15. Rad1 {[%emt 0:06:49]} b5 {[%emt 0:07:44]} 16. Qe3 {[%emt 0:15:53]} Bf8 {[%emt 0:08:57]} 17. h3 {[%emt 0:03:48]} Bxf3 {[%emt 0:18:58]} 18. gxf3 {[%emt 0:00:02]} Qc8 {[%emt 0:02:21]} 19. Kg2 {[%emt 0:06:51]} d5 {[%emt 0:04:59]} 20. R4d2 {[%emt 0:07:04]} Ng6 {[%emt 0:04:40]} 21. Bg3 {[%emt 0:04:55]} b4 {[%emt 0:01:51]} 22. Ne2 {[%emt 0:00:02]} dxe4 {[%emt 0:00:31]} 23. fxe4 {[%emt 0:00:57]} Rxe4 {[%emt 0:04:24]} 24. Qf3 {[%emt 0:01:48]} Qe8 {[%emt 0:04:04]} 25. Nd4 {[%emt 0:02:12]} Rd8 {[%emt 0:03:26]} 26. Nf5 {[%emt 0:02:34]} Rxd2 {[%emt 0:00:40]} 27. Rxd2 {[%emt 0:00:01]} Nd5 {[%emt 0:09:15]} 28. Bxd5 {[%emt 0:01:21]} cxd5 {[%emt 0:00:01]} 29. Rxd5 {[%emt 0:00:08]} Qe6 {[%emt 0:00:37]} 30. Rd8 {[%emt 0:04:04]} Re1 {[%emt 0:01:58]} 31. Bd6 {[%emt 0:02:12]} Qc4 {[%emt 0:04:47]} 32. Kh2 {[%emt 0:05:39]} h6 {[%emt 0:01:15]} 33. Qg2 {[%emt 0:02:33]} Kh7 {[%emt 0:01:23]} 34. Rxf8 {[%emt 0:08:37]} Qe6 {[%emt 0:00:02]} 35. Bxb4 {[%emt 0:00:52]} Qxf5 {[%emt 0:00:55]} 36. Rxf7 {[%emt 0:04:55]} Qxf7 {[%emt 0:00:27]} 37. Bxe1 {[%emt 0:00:01]} Qc7+ {[%emt 0:00:32]} 38. Qg3 {[%emt 0:02:11]} Qxc2 {[%emt 0:00:02]} 39. b3 {[%emt 0:00:11]} Qe4 {[%emt 0:02:00]} 40. Bc3 {[%emt 0:00:00]} Qc6 {[%emt 0:00:00]} 41. b4 {[%emt 0:03:47]} h5 {[%emt 0:04:11]} 42. h4 {[%emt 0:13:25]} Qe4 {[%emt 0:08:36]} 43. b5 {[%emt 0:00:30]} axb5 {[%emt 0:00:09]} 44. axb5 {[%emt 0:00:21]} Qb7 {[%emt 0:17:41]} 45. Bd4 Qd5 {[%emt 0:00:01]} 46. b6 {[%emt 0:00:59]} Qe4 {[%emt 0:00:57]} 47. Be3 {[%emt 0:00:55]} Nxh4 {[%emt 0:00:30]} 48. b7 {[%emt 0:00:30]} Nf3+ {[%emt 0:01:23]} 49. Qxf3 {[%emt 0:00:00]} Qxf3 {[%emt 0:00:02]} 50. b8=Q {[%emt 0:00:00]} Qg4 {[%emt 0:00:13]} 51. Qf4 {[%emt 0:00:17]} Qe6 {[%emt 0:00:11]} 52. Qg5 {[%emt 0:00:23]} Qf7 {[%emt 0:00:23]} 53. Bd4 {[%emt 0:00:17]} Kg8 {[%emt 0:00:21]} 54. Kg3 {[%emt 0:00:43]} 1-0